Âm nhạc Dành cho Hs THPT, tập 1

Sparad:
Bibliografiska uppgifter
Materialtyp: Bok
Taggar: Lägg till en tagg
Inga taggar, Lägg till första taggen!
Thư viện lưu trữ: Mạng thư viện Đại học Đà Nẵng
LEADER 00409nam a22001691a 4500
001 000039775
003 16070
005 20160412022645.0
008 160412s0 000
082 |a 4N(TK)480 
245 |a Âm nhạc Dành cho Hs THPT, tập 1 
OWN |a LNN 
999 |a From the UDN01 
TYP |a Monograph 
980 |a Mạng thư viện Đại học Đà Nẵng